Innovative clusters drivers of national innovation systems
Salvato in:
| Natura: | Libro |
|---|---|
| Lingua: | inglese |
| Pubblicazione: |
Paris
OECD
2001
|
| Serie: | Enterprise, industry and services
|
| Soggetti: | |
| Tags: |
Nessun Tag, puoi essere il primo ad aggiungerne!!
|
MARC
| LEADER | 00000nam a2200000 4500 | ||
|---|---|---|---|
| 001 | c127710 | ||
| 005 | 20221221091511.1 | ||
| 020 | |a 92-64-18706-5 | ||
| 041 | 0 | |a eng | |
| 044 | |a FR | ||
| 245 | 1 | 0 | |a Innovative clusters |b drivers of national innovation systems |
| 264 | 1 | |a Paris |b OECD |c 2001 | |
| 300 | |a 419 s. | ||
| 490 | 1 | |a Enterprise, industry and services | |
| 830 | 0 | |a Enterprise, industry and services | |
| 610 | 2 | 0 | |a inovácia |
| 610 | 2 | 0 | |a stratégia inovačná |
| 610 | 2 | 0 | |a rast hospodársky |
| 610 | 2 | 0 | |a technológie informačné |
| 610 | 2 | 0 | |a technológie komunikačné |
| 610 | 2 | 0 | |a multimédiá |
| 610 | 2 | 0 | |a siete počítačové |
| 610 | 2 | 0 | |a poľnohospodárstvo |
| 610 | 2 | 0 | |a potraviny |
| 610 | 2 | 0 | |a stavebníctvo |
| 610 | 2 | 0 | |a input-output |
| 610 | 2 | 0 | |a dáta |
| 610 | 2 | 0 | |a priemysel |
| 610 | 2 | 0 | |a politika hospodárska |
| 610 | 2 | 0 | |a podnikanie |
| 610 | 2 | 0 | |a služby |
| 610 | 2 | 0 | |a firmy |
| 610 | 2 | 0 | |a spolupráca medzinárodná |
| 610 | 2 | 0 | |a porovnanie medzinárodné |
| 610 | 2 | 0 | |a svet |
| 610 | 2 | 0 | |a OECD |